სანოტარო სამართალი : (ბიბ.ჩანაწერი № 51610)
[ მარტივი ფორმატი ]
| 000 -ლიდერი | |
|---|---|
| ფიქსირებული სიგრძის საკონტროლო ველი | 01448nam a2200265Ia 4500 |
| 001 - საკონტროლო ნომერი | |
| საკონტროლო ველი | 18601 |
| 003 - საკონტროლო ნომრის იდენტიფიკატორი | |
| საკონტროლო ველი | GE_BSU |
| 005 - ბოლო ოპერაციის თარიღი და დრო | |
| საკონტროლო ველი | 20210603180132.0 |
| 008 - ფიქსირებული სიგრძის მონაცემთა ელემენტები - ზოგადი ინფორმაცია | |
| ფიქსირებული სიგრძის საკონტროლო ველი | 181216s2016||||ge |||||||||||||| ||geo|| |
| 020 ## - წიგნის საერთაშორისო სტანდარტული ნომერი | |
| International Standard Book Number | 9789941947728 |
| 040 ## - კატალოგიზაციის წყარო | |
| Transcribing agency | GE_BSU |
| 041 ## - ენის კოდი | |
| Language code of text/sound track or separate title | GEO |
| 080 ## - უნივერსალური ათობითი კლასიფიკაციის ინდექსი | |
| Universal Decimal Classification number | 347.961 გ-61 |
| 100 ## - მთავარი ჩანაწერი - პიროვნების სახელი | |
| Personal name | გოგოლაძე, მარიკა |
| 9 (RLIN) | 8230 |
| 245 ## - ცნობა სათაურის შესახებ | |
| Title | სანოტარო სამართალი : |
| Remainder of title | წიგნი 1 / |
| Statement of responsibility, etc | მარიკა გოგოლაძე, გიორგი მარიამიძე. |
| 250 ## - გამოცემის ცნობა | |
| Edition statement | 1-ლი გამოცემა |
| 264 ## - წარმოების, გამოცემის, დისტრიბუციის და სხვა ცნობები | |
| გამოცემის, წარმოების, დისტრიბუციის... ადგილი | თბილისი : |
| გამოცემის, წარმოების, დისტრიბუციის... სახელწოდება | იურისტების სამყარო, |
| გამოცემის, წარმოების, დისტრიბუციის... თარიღი | 2016. |
| 300 ## - ფიზიკური აღწერა | |
| Extent | 330 გვ. ; |
| Dimensions | 20 სმ. |
| 490 ## - სერიის ცნობა | |
| Series statement | საქართველოს ნოტარიუსთა პალატა |
| 500 ## - ზოგადი შენიშვნა | |
| General note | წიგნი განკუთვნილია მომავალი და მოქმედი ნოტარიუსებისათვის, სტუდენტებისათვის, ნოტარიუსთა პალატის სტაჟიორებისათვის,ზოგადად იურისტებისათვის |
| 653 ## - INDEX TERM--UNCONTROLLED | |
| Uncontrolled term | სამართალი |
| 653 ## - INDEX TERM--UNCONTROLLED | |
| Uncontrolled term | სანოტარო სამართალი |
| 700 ## - ADDED ENTRY--PERSONAL NAME | |
| Personal name | მარიამიძე, გიორგი |
| Relator term | ავტორი |
| 9 (RLIN) | 8231 |
| 942 ## - ADDED ENTRY ELEMENTS (KOHA) | |
| Koha item type | წიგნი |
| Source of classification or shelving scheme | |
| ჩამოწერის სტატუსი | დაკარგული ეგზემპლარის სტატუსი | კლასიფიკაციის წყარო ან თაროზე გაწყობის სქემა | დაზიანების სტატუსი | არ გაიცემა | მუდმივი მდებარეობა (დაცვის ადგილი) | ამჟამინდელი ადგილსამყოფელი | თაროზე განთავსების ადგილი | შეძენის თარიღი | სრული შენახვის შიფრი | შტრიხკოდი | ბოლო ოპერაციის თარიღი | ეგზემპლარის მიმდევრობითი ნომერი (კეტერი?) | ფასის ძალაში შესვლის თარიღი | ეგზემპლარის სახეობა | ღირებულება, შესყიდვის ნორმალური ფასი | საჯარო შენიშვნა |
|---|---|---|---|---|---|---|---|---|---|---|---|---|---|---|---|---|
| ბათუმის შოთა რუსთაველის სახელმწიფო უნივერსიტეტის მთავარი ბიბლიოთეკა | ბათუმის შოთა რუსთაველის სახელმწიფო უნივერსიტეტის მთავარი ბიბლიოთეკა | წიგნსაცავი | 2018-12-17 | 347.961 გ-61 | 48118 | 2018-12-17 | 48118 | 2018-12-17 | წიგნი | |||||||
| ბათუმის შოთა რუსთაველის სახელმწიფო უნივერსიტეტის მთავარი ბიბლიოთეკა | ბათუმის შოთა რუსთაველის სახელმწიფო უნივერსიტეტის მთავარი ბიბლიოთეკა | წიგნსაცავი | 2018-12-17 | 347.961 გ-61 | 48119 | 2018-12-17 | 48119 | 2018-12-17 | წიგნი | |||||||
| ბათუმის შოთა რუსთაველის სახელმწიფო უნივერსიტეტის მთავარი ბიბლიოთეკა | ბათუმის შოთა რუსთაველის სახელმწიფო უნივერსიტეტის მთავარი ბიბლიოთეკა | წიგნსაცავი | 2018-12-17 | 347.961 გ-61 | 48120 | 2018-12-17 | 48120 | 2018-12-17 | წიგნი | |||||||
| ბათუმის შოთა რუსთაველის სახელმწიფო უნივერსიტეტის მთავარი ბიბლიოთეკა | ბათუმის შოთა რუსთაველის სახელმწიფო უნივერსიტეტის მთავარი ბიბლიოთეკა | წიგნსაცავი | 2018-12-17 | 347.961 გ-61 | 48121 | 2018-12-17 | 48121 | 2018-12-17 | წიგნი | |||||||
| ბათუმის შოთა რუსთაველის სახელმწიფო უნივერსიტეტის მთავარი ბიბლიოთეკა | ბათუმის შოთა რუსთაველის სახელმწიფო უნივერსიტეტის მთავარი ბიბლიოთეკა | წიგნსაცავი | 2018-12-17 | 347.961 გ-61 | 48122 | 2018-12-17 | 48122 | 2018-12-17 | წიგნი | 19.90 | 19.90 ₾. | |||||
| ბათუმის შოთა რუსთაველის სახელმწიფო უნივერსიტეტის მთავარი ბიბლიოთეკა | ბათუმის შოთა რუსთაველის სახელმწიფო უნივერსიტეტის მთავარი ბიბლიოთეკა | წიგნსაცავი | 2018-12-17 | 347.961 გ-61 | 54447 | 2018-12-17 | 54447 | 2018-12-17 | წიგნი | 19.90 | 19.90 ₾. | |||||
| ბათუმის შოთა რუსთაველის სახელმწიფო უნივერსიტეტის მთავარი ბიბლიოთეკა | ბათუმის შოთა რუსთაველის სახელმწიფო უნივერსიტეტის მთავარი ბიბლიოთეკა | წიგნსაცავი | 2018-12-17 | 347.961 გ-61 | 54448 | 2018-12-17 | 54448 | 2018-12-17 | წიგნი | 19.90 | 19.90 ₾. |
